´Rumores, rebelión y confrontación en Martinique /
Kaydedildi:
| Yazar: | |
|---|---|
| Diğer Yazarlar: | |
| Materyal Türü: | Metin |
| Dil: | Spanish |
| Baskı/Yayın Bilgisi: |
San José:
Editorial UCR
|
| Edisyon: | 0 |
| Konular: | |
| Etiketler: |
Etiketle
Etiket eklenmemiş, İlk siz ekleyin!
|
MARC
| LEADER | 00000 a a2200000 04500 | ||
|---|---|---|---|
| 001 | 39174 | ||
| 003 | cru IIS | ||
| 005 | 20230418132014.0 | ||
| 008 | 230418b |||||||| |||| 00| 0 spa d | ||
| 020 | |a 978-9968-46-091-0 | ||
| 040 | |c CRAI-IIS | ||
| 090 | |a 0003 C118h | ||
| 100 | |a Cáceres, Rina | ||
| 245 | |a ´Rumores, rebelión y confrontación en Martinique / |c Rina Cáceres | ||
| 250 | |a 0 | ||
| 260 | |a San José: |b Editorial UCR | ||
| 300 | |a 51-68 p. | ||
| 650 | |a GRUPOS ETNICOS | ||
| 650 | |a COLONIZACION RURAL | ||
| 650 | |a NACIONALISMO | ||
| 700 | |a ed. |a Lovejoy, Paul |a ed. | ||
| 942 | |2 ddc |c LI | ||
| 999 | |c 15663 |d 15663 | ||
| 773 | 0 | |0 2971 |9 8648 |a Cáceres, Rina |b 0 |d San José: EUCR, 2008 |o 10816 |t Haití: revolución y emancipación / |w (cru CIDCAS/IIS)39123 |z 978-9968-46-091-0 | |



